000 00612nam a2200157Ia 4500
008 230907s9999||||xx |||||||||||||| ||und||
082 _a621.3
_bIJA
100 _aIjaz Husnain (NUST201361503MCES64113F)
_9116331
245 0 _aDevelopment of thin film photovoltaics based on CZTS absorber, hydrogen doped In2O3 window layers and modeling the economic viability of utility scale power production in Pakistan /
260 _aUSPCAS-E, NUST,
_bIslamabad :
_c2017
300 _axi, 100 p. :
520 _aTH-52
650 _aMS-ESE Thesis MS Thesis
700 _aDr Zuahir Subhani Khan
_9116948
942 _cTHE
_2ddc
999 _c601731
_d601731